<?xml version="1.0" encoding="UTF-8"?>
<record
    xmlns:xsi="http://www.w3.org/2001/XMLSchema-instance"
    xsi:schemaLocation="http://www.loc.gov/MARC21/slim http://www.loc.gov/standards/marcxml/schema/MARC21slim.xsd"
    xmlns="http://www.loc.gov/MARC21/slim">

  <leader>01085nam a22001817a 4500</leader>
  <datafield tag="010" ind1=" " ind2=" ">
    <subfield code="a">HIN-129720</subfield>
  </datafield>
  <datafield tag="020" ind1=" " ind2=" ">
    <subfield code="a">9789394632011</subfield>
    <subfield code="c">199.00</subfield>
  </datafield>
  <datafield tag="035" ind1=" " ind2=" ">
    <subfield code="a">HN-102066</subfield>
  </datafield>
  <datafield tag="037" ind1=" " ind2=" ">
    <subfield code="b">DBAD</subfield>
  </datafield>
  <datafield tag="082" ind1=" " ind2=" ">
    <subfield code="a">420</subfield>
  </datafield>
  <datafield tag="100" ind1=" " ind2=" ">
    <subfield code="a">&#x916;&#x91F;&#x947;,&#x930;&#x93E;&#x939;&#x941;&#x932; </subfield>
    <subfield code="9">81008</subfield>
  </datafield>
  <datafield tag="245" ind1=" " ind2=" ">
    <subfield code="a">&#x930;&#x93E;&#x91C;&#x92D;&#x93E;&#x937;&#x93E; &#x939;&#x93F;&#x902;&#x926;&#x940; &#x915;&#x947; &#x928;&#x935;&#x94B;&#x928;&#x94D;&#x92E;&#x947;&#x937;&#x940; &#x906;&#x92F;&#x93E;&#x92E; :</subfield>
    <subfield code="b">&#x928;&#x908; &#x936;&#x93F;&#x915;&#x94D;&#x937;&#x93E; &#x928;&#x940;&#x924;&#x93F; -2020 &#x915;&#x947; &#x932;&#x93F;&#x90F; &#x909;&#x92A;&#x92F;&#x941;&#x915;&#x94D;&#x924; &#x92A;&#x941;&#x938;&#x94D;&#x924;&#x915; &#x930;&#x93E;&#x91C;&#x92D;&#x93E;&#x937;&#x93E; &#x939;&#x93F;&#x902;&#x926;&#x940; &#x915;&#x947; &#x935;&#x948;&#x91C;&#x94D;&#x91E;&#x93E;&#x928;&#x93F;&#x915; &#x914;&#x930; &#x924;&#x915;&#x928;&#x940;&#x915;&#x940; &#x92A;&#x915;&#x94D;&#x937;&#x94B;&#x902; &#x915;&#x93E; &#x905;&#x928;&#x94D;&#x935;&#x947;&#x937;&#x923; /</subfield>
    <subfield code="c">&#x930;&#x93E;&#x939;&#x941;&#x932; &#x916;&#x91F;&#x947;</subfield>
  </datafield>
  <datafield tag="250" ind1=" " ind2=" ">
    <subfield code="a">&#x92A;&#x94D;&#x930;&#x925;&#x92E; </subfield>
  </datafield>
  <datafield tag="260" ind1=" " ind2=" ">
    <subfield code="a">&#x92E;&#x941;&#x902;&#x92C;&#x908; </subfield>
    <subfield code="b">&#x938;&#x902;&#x938;&#x94D;&#x915;&#x93E;&#x930; &#x938;&#x93E;&#x939;&#x93F;&#x924;&#x94D;&#x92F; &#x92E;&#x93E;&#x932;&#x93E; </subfield>
    <subfield code="c">2023</subfield>
  </datafield>
  <datafield tag="270" ind1=" " ind2=" ">
    <subfield code="a">407,&#x915;&#x943;&#x937;&#x94D;&#x923;&#x93E; &#x935;&#x93F;&#x939;&#x93E;&#x930;,&#x91F;&#x93E;&#x91F;&#x93E; &#x915;&#x902;&#x92A;&#x93E;&#x909;&#x902;&#x921;,&#x907;&#x930;&#x94D;&#x932;&#x93E; &#x92C;&#x94D;&#x930;&#x93F;&#x91C;,&#x90F;&#x938;.&#x935;&#x940; &#x930;&#x94B;&#x921; ,</subfield>
    <subfield code="b">&#x905;&#x901;&#x927;&#x947;&#x930;&#x940;(&#x92A;.), &#x92E;&#x941;&#x902;&#x92C;&#x908; </subfield>
    <subfield code="e">400058</subfield>
  </datafield>
  <datafield tag="300" ind1=" " ind2=" ">
    <subfield code="a">96&#x92A;&#x943;.</subfield>
    <subfield code="c">22 &#x938;&#x947;&#x92E;&#x940;.(&#x905;&#x91C;&#x93F;&#x932;&#x94D;&#x926;)</subfield>
  </datafield>
  <datafield tag="942" ind1=" " ind2=" ">
    <subfield code="2">ddc</subfield>
    <subfield code="c">HN</subfield>
    <subfield code="h">420</subfield>
    <subfield code="m">&#x916;&#x91F;&#x947;&#x930;&#x93E;</subfield>
  </datafield>
  <datafield tag="999" ind1=" " ind2=" ">
    <subfield code="c">211145</subfield>
    <subfield code="d">211145</subfield>
  </datafield>
  <datafield tag="952" ind1=" " ind2=" ">
    <subfield code="0">0</subfield>
    <subfield code="1">0</subfield>
    <subfield code="4">0</subfield>
    <subfield code="7">0</subfield>
    <subfield code="8">NFIC</subfield>
    <subfield code="a">NPL</subfield>
    <subfield code="b">NPL</subfield>
    <subfield code="d">2025-05-05</subfield>
    <subfield code="e">DBAD</subfield>
    <subfield code="g">199.00</subfield>
    <subfield code="l">0</subfield>
    <subfield code="o">420 &#x916;&#x91F;&#x947;&#x930;&#x93E;</subfield>
    <subfield code="p">HN-102066</subfield>
    <subfield code="r">2025-05-05 00:00:00</subfield>
    <subfield code="t">1</subfield>
    <subfield code="v">199.00</subfield>
    <subfield code="w">2025-05-05</subfield>
    <subfield code="y">HN</subfield>
  </datafield>
</record>
